| 000 | 00474nam a2200181Ia 4500 | ||
|---|---|---|---|
| 008 | 180921t1961 xxu||||| |||| 00| 0 sin d | ||
| 041 | _asin | ||
| 080 |
_a5 _bKUM |
||
| 100 | _aKumarasingha, Dayiras | ||
| 245 | _aඅපට පිහිට වන දේ | ||
| 246 | _aApata pihita vana de | ||
| 260 |
_bLake House _aColombo _c1961 |
||
| 300 | _a121p., ill., 22 cm | ||
| 650 |
_aLight _aAir |
||
| 942 | _cBK | ||
| 999 |
_c15517 _d15517 |
||
| 003 | LK-CoDNM | ||
| 040 |
_aLK-CoDNM _dLK-CoDNM _eLK-CoDNM |
||